Exploración del federalismo / Daniel J. Elazar ; [traducción de Josep Ma. Solé Alseda]
ISBN:
84-85348-80-X
Descripción Física:
378 p. ; 22 cm
Colección:
Federalismo
Otros Autores:
Solé Alseda, Josep Ma, tr
Materias:
Federalisme
MARC
| LEADER | 00000nam a2200000Ia 4500 | ||
|---|---|---|---|
| 001 | 17007 | ||
| 008 | 160829s9999 xx 000 0 cat d | ||
| 020 | |a 84-85348-80-X | ||
| 080 | |a H-2-295 | ||
| 100 | |a Elazar, Daniel Judah |9 35639 | ||
| 245 | |a Exploración del federalismo / Daniel J. Elazar ; [traducción de Josep Ma. Solé Alseda] | ||
| 260 | |a Barcelona : |b Hacer : |b Fundació Rafael Campalans, cop. 1990 | ||
| 300 | |a 378 p. ; |c 22 cm | ||
| 490 | |a Federalismo | ||
| 590 | |a Bibliografia | ||
| 650 | |a Federalisme |9 33466 | ||
| 700 | |a Solé Alseda, Josep Ma, tr. |9 35640 | ||
| 710 | |a Fundació Rafael Campalans |9 52024 | ||
| 901 | |a Arxiu | ||
| 942 | |n 1 | ||
| 952 | |0 0 |1 0 |4 0 |6 H2295 |7 1 |9 47006 |a Arxiu |b Arxiu |d 2016-12-01 |l 0 |o H-2-295 |p 17007 |r 2016-12-01 00:00:00 |w 2016-12-01 |y ARXIU | ||
| 999 | |c 50799 |d 50799 | ||